00662nam a2200217 a 450000100060000000300080000600500170001400800390003103500190007003500120008904000290010104100080013008200220013810000230016024500550018326000310023830000290026950400510029850500780034965000170042710772BD-RjUL20211208235019.0160925s1961 fr b 001 0 fre a(BD-RjUL)10821 a(OCoLC) aDLCcMnUd(BD-RjUL)beng aeng 223a510bBOE 19611 aBourbaki, Nicolas.10aÉléments de mathématique /cNicolas Bourbaki aParis :bHermann,c1952-61 a263 p. :c24 cm.bill. ; aIncludes bibliographical references and index.0 alivre 2. Algèbre. (fasc. 6)--livre 3. Topologie générale. (fasc. 5) 0aMathematics.